Statistiche per Prefissi telefonici dei Capoluoghi di Regione

Clicka qui per fare il quiz!

Statistiche generali

  • Questo quiz è stato fatto 9 volte
  • Il punteggio medio è 6 su 20

Statistiche sulle risposte

HintRisposta% Corretto
Roma06
83%
Torino011
67%
Milano02
67%
Genova010
50%
Bologna051
50%
Firenze055
50%
Napoli081
50%
Aosta0165
33%
Bari080
33%
Palermo091
33%
Trieste040
17%
Venezia041
17%
Campobasso0874
17%
Catanzaro0961
17%
Trento0461
0%
Cagliari070
0%
Ancona071
0%
Perugia075
0%
L'Aquila0862
0%
Potenza0971
0%

Distribuzione punteggi

Percentile per numero di risposta

Percentuale di utenti per punteggio

I tuoi punteggi nel tempo

Non hai fatto questo quiz